000 00579nam a2200229Ia 4500
003 OSt
005 20220924152011.0
006 a|||||r|||| 00| 0
007 ta
008 220923b |||||||| |||| 00| 0 mar d
024 _a340382
037 _cTextual
040 _aARTS
_cARTS
_bmar
041 _2mar
_amar
082 _aOw, 155J6
100 _aJoshi Au.
_9219060
245 0 _aTee Dhany Bnadishala
260 _c1956
650 _aLITERATURE - HISTORY AND CRITICISM
_914970
942 _hOw, 155J6
_cTEXL
_2CC
999 _c468382
_d468382